000 00665nam a2200229Ia 4500
001 9284
003 GE_BSU
008 181216s||||||||xx |||||||||||||| ||und||
040 _cGE_BSU
080 _a821.353.1–1
100 _aლეონიძე,გიორგი
245 _aსამშობლო სტალინი
245 _bლექსები
245 _cრედ.რ.გვეტაძე
260 _aთბილისი
260 _bფედერაცია
260 _c1942
300 _a50გვ.14სმ.
653 _aლექსები
653 _aსამშობლო სტალინი
942 _cBK
999 _c42582
_d42582